00575cam a2200169 4500001001000000008004100010035001400051050002100065100001900086245016200105260000900267300002100276440004300297700003300340942001300373999001900386BFD004467 s1976 spa  aBFD00446700aJQ211 bS43 19761 aSeervai, H. M.13aEl Federalismo en la India :bLa constitución y la suprema corte de la India /cH. M. Seervai ; estudio preliminar y traducción de Lucio Cabrera Acevedo. c1976 a149 p. ;c23 cm. 0aSerie G : Estudio Doctrinales ;vno.171 aCabrera Acevedo, Lucio, tr. 2lcccLIB c123482d123482